000 00675nam a22002177a 4500
999 _c9112
_d9112
003 AR-CdUCM
008 190327b ||||| |||| 00| 0 spa d
040 _aMUNICIPALIDAD PROVINCIAL DEL CUSCO
_cBIBLIOTECA MUNICIPAL DEL CUSCO
082 _a869.56 /
_bF83
100 _aFreyre Bustamante, Maynor
_917410
245 _aEl trino de Lulú /
260 _aChimbote :
_bProgreso,
_c1973.
300 _a92 páginas :
_c15 cm.
500 _aCon dedicatoria a Luis Nieto -- Donación de la familia Nieto
505 _aContenido : Cuentos
650 _aRecopilación
_925120
650 _aCuentos
_9312
650 _aLiteratura
_9416
942 _2ddc
_cLIBROS
945 _admma